| 000 | 00763pam a2200253 a 4500 | ||
|---|---|---|---|
| 999 |
_c3708 _d3708 |
||
| 001 | 2911314 | ||
| 003 | GBCCL | ||
| 005 | 20241126110501.0 | ||
| 008 | 880922s1988 cau 000 0 eng | ||
| 010 | _a 88028427 | ||
| 020 |
_a0830713247 : _c$6.95 |
||
| 040 |
_aDLC _cDLC _dDLC |
||
| 050 | 0 | 0 |
_aBS1430.3 _b.S74 1988 |
| 082 | 0 | 0 |
_a223.2077 _219 _bSTE |
| 100 | 1 |
_aStedman, Ray C. _93946 |
|
| 245 | 1 | 0 |
_aPsalms of faith : _ba life-related study from selected psalms / _cRay C. Stedman. |
| 260 |
_aVentura, Calif., U.S.A. : _bRegal Books, _cc1988. |
||
| 300 |
_a321 p. ; _c20 cm. |
||
| 650 | 0 | 0 |
_aBible. _95 |
| 650 | 0 | 0 |
_aPsalms _bCommentaries. _97522 |
| 906 |
_a7 _bcbc _corignew _d1 _eocip _f19 _gy-gencatlg |
||
| 942 |
_2ddc _cBK _010 |
||